000
00283nam a22001337a 4500
082
_a
894.812
_b
PUT/K
100
_a
PUTHALATH, DASAN
245
_a
KALAYUM KAZCHAPPADUM
260
_a
ALUVA
_b
PEN BOOKS
_c
2005
300
_a
81
520
_a
ABOUT ART
650
_a
ABOUT ART
942
_c
BK
999
_c
5546
_d
5546